Normal view
MARC view
- International business enterprises
Entry Topical Term
001 - CONTROL NUMBER
- control field: 90957
003 - CONTROL NUMBER IDENTIFIER
- control field: NUST
005 - DATE AND TIME OF LATEST TRANSACTION
- control field: 20220414130532.0
008 - FIXED-LENGTH DATA ELEMENTS
- fixed length control field: 220414|| aca||aabn | a|a d
040 ## - CATALOGING SOURCE
- Original cataloging agency: NUST
- Transcribing agency: NUST
150 ## - HEADING--TOPICAL TERM
- Topical term or geographic name entry element: International business enterprises
- General subdivision: Finance
670 ## - SOURCE DATA FOUND
- Source citation: Work cat.: (NUST)0: Shapiro, Alan C. 61614, Foundations of Multinational Financial Management /, c2002.
